000
00269nam a2200109Ia 4500
005
20260328101514.0
008
260328s9999||||xx |||||||||||||| ||und||
245
0
_a
Arquitectura rusa 1917-1957 (RUSO) /
260
_b
Mockba
650
_a
ARQUITECTURA REGIONAL
942
_c
BK
999
_c
9301
_d
9301